[Event "MCRDMZ 2018"]
[Site "Varnsdorf"]
[Date "2018.06.17"]
[Round "4.9"]
[White "Fotr Michal (Liberec)"]
[Black "Juchelka Marek (Polabiny A)"]
[Result "1/2-1/2"]
[BlackElo "1657"]
[WhiteElo "1476"]
[LiveChessVersion "1.4.8"]

1. e4 {[%clk 0:25:18]} c5 {[%clk 0:25:18]} 2. c3 {[%clk 0:25:27]} d6
{[%clk 0:25:26]} 3. d4 {[%clk 0:25:35]} cxd4 {[%clk 0:25:34]} 4. cxd4
{[%clk 0:25:43]} g6 {[%clk 0:25:42]} 5. Nf3 {[%clk 0:25:35]} Bg7 {[%clk 0:25:49]}
6. Be3 {[%clk 0:25:32]} Nf6 {[%clk 0:25:55]} 7. Nc3 {[%clk 0:25:37]} Nc6
{[%clk 0:25:58]} 8. Be2 {[%clk 0:25:29]} O-O {[%clk 0:25:54]} 9. O-O
{[%clk 0:25:36]} Ng4 {[%clk 0:26:00]} 10. Qd2 {[%clk 0:25:08]} Nxe3
{[%clk 0:26:06]} 11. Qxe3 {[%clk 0:25:08]} e6 {[%clk 0:25:31]} 12. Rad1
{[%clk 0:24:54]} Re8 {[%clk 0:25:31]} 13. Bc4 {[%clk 0:24:40]} d5
{[%clk 0:25:30]} 14. Bb3 {[%clk 0:24:00]} dxe4 {[%clk 0:25:06]} 15. Qxe4
{[%clk 0:23:07]} Qc7 {[%clk 0:24:24]} 16. Rc1 {[%clk 0:21:11]} e5
{[%clk 0:24:07]} 17. dxe5 {[%clk 0:19:57]} Nxe5 {[%clk 0:23:50]} 18. Nd5
{[%clk 0:18:49]} Qd6 {[%clk 0:22:24]} 19. Nxe5 {[%clk 0:16:21]} Bxe5
{[%clk 0:22:23]} 20. f4 {[%clk 0:15:43]} Bf5 {[%clk 0:22:16]} 21. fxe5
{[%clk 0:14:32]} Rxe5 {[%clk 0:21:13]} 22. Qd4 {[%clk 0:12:19]} Rd8
{[%clk 0:20:22]} 23. Rfd1 {[%clk 0:11:39]} Kf8 {[%clk 0:18:37]} 24. Qc5
{[%clk 0:10:58]} Be6 {[%clk 0:17:45]} 25. Qxd6+ {[%clk 0:10:58]} Rxd6
{[%clk 0:17:53]} 26. Nc3 {[%clk 0:10:40]} Rb6 {[%clk 0:17:37]} 27. Bxe6
{[%clk 0:10:39]} Rexe6 {[%clk 0:17:42]} 28. Rc2 {[%clk 0:10:31]} Rbc6
{[%clk 0:17:45]} 29. g3 {[%clk 0:10:19]} b5 {[%clk 0:17:51]} 30. Rdc1
{[%clk 0:10:15]} b4 {[%clk 0:17:54]} 31. Nd5 {[%clk 0:10:08]} Re1+
{[%clk 0:17:29]} 32. Rxe1 {[%clk 0:09:45]} Rxc2 {[%clk 0:17:36]} 33. Nxb4
{[%clk 0:09:33]} Rxb2 {[%clk 0:17:44]} 34. Re4 {[%clk 0:09:18]} a5
{[%clk 0:17:52]} 35. Nd5 {[%clk 0:09:02]} Rxa2 {[%clk 0:17:51]} 36. h4
{[%clk 0:08:52]} a4 {[%clk 0:17:58]} 37. Nc3 {[%clk 0:08:56]} Ra1+
{[%clk 0:18:06]} 38. Kf2 {[%clk 0:08:59]} a3 {[%clk 0:18:11]} 39. Ke2
{[%clk 0:08:47]} a2 {[%clk 0:18:00]} 40. Ra4 {[%clk 0:08:52]} Rg1
{[%clk 0:18:01]} 41. Nxa2 {[%clk 0:08:23]} Rxg3 {[%clk 0:18:09]} 42. Kf2
{[%clk 0:08:28]} Rb3 {[%clk 0:18:10]} 43. Nc1 {[%clk 0:08:15]} Rc3
{[%clk 0:18:10]} 44. Ne2 {[%clk 0:08:20]} Rc2 {[%clk 0:18:01]} 45. Kf3
{[%clk 0:08:22]} Kg7 {[%clk 0:18:08]} 46. Ng3 {[%clk 0:08:13]} h6
{[%clk 0:17:55]} 47. Kf4 {[%clk 0:07:37]} Rh2 {[%clk 0:17:45]} 48. Kf3
{[%clk 0:07:18]} Rb2 {[%clk 0:17:29]} 49. Re4 {[%clk 0:06:59]} g5
{[%clk 0:17:07]} 50. h5 {[%clk 0:06:48]} Rb5 {[%clk 0:17:02]} 51. Kg4
{[%clk 0:06:18]} Rb1 {[%clk 0:16:37]} 52. Re3 {[%clk 0:06:00]} Rg1
{[%clk 0:16:32]} 53. Kf5 {[%clk 0:05:34]} Rg2 {[%clk 0:16:17]} 54. Kg4
{[%clk 0:05:18]} Rg1 {[%clk 0:15:55]} 55. Rf3 {[%clk 0:04:44]} f6
{[%clk 0:15:28]} 56. Rf1 {[%clk 0:04:44]} Rg2 {[%clk 0:15:30]} 57. Kh3
{[%clk 0:04:22]} Rb2 {[%clk 0:15:08]} 58. Nf5+ {[%clk 0:04:10]} Kh7
{[%clk 0:15:10]} 59. Ng3 {[%clk 0:04:02]} Kg7 {[%clk 0:15:11]} 60. Ne4
{[%clk 0:04:07]} Rb3+ {[%clk 0:15:16]} 61. Kh2 {[%clk 0:04:04]} Rb6
{[%clk 0:14:53]} 62. Ng3 {[%clk 0:03:49]} Rb2+ {[%clk 0:14:47]} 63. Kh1
{[%clk 0:03:47]} Rb3 {[%clk 0:14:48]} 64. Nf5+ {[%clk 0:03:47]} Kh7
{[%clk 0:14:57]} 65. Nd4 {[%clk 0:03:52]} Rb6 {[%clk 0:14:01]} 66. Nf5
{[%clk 0:03:54]} Rb3 {[%clk 0:13:52]} 67. Kg2 {[%clk 0:03:54]} Rb2+
{[%clk 0:13:53]} 68. Rf2 {[%clk 0:04:03]} Rb3 {[%clk 0:13:29]} 69. Ng3
{[%clk 0:03:55]} Kg7 {[%clk 0:13:26]} 70. Ne4 {[%clk 0:03:55]} Rb6
{[%clk 0:13:29]} 71. Kg3 {[%clk 0:03:52]} Rb3+ {[%clk 0:13:30]} 72. Rf3
{[%clk 0:03:59]} Rb6 {[%clk 0:13:37]} 73. Kg4 {[%clk 0:03:56]} Rb4
{[%clk 0:13:37]} 74. Kf5 {[%clk 0:03:47]} Rb5+ {[%clk 0:13:46]} 75. Ke6
{[%clk 0:03:48]} Re5+ {[%clk 0:13:53]} 76. Kd6 {[%clk 0:03:42]} Rxe4
{[%clk 0:14:02]} 77. Kd5 {[%clk 0:03:46]} Rh4 {[%clk 0:14:04]} 78. Ke6
{[%clk 0:03:53]} Rxh5 {[%clk 0:14:07]} 79. Rxf6 {[%clk 0:04:01]} Rh1
{[%clk 0:14:15]} 80. Rf2 {[%clk 0:03:59]} g4 {[%clk 0:14:19]} 81. Kf5
{[%clk 0:04:04]} g3 {[%clk 0:14:23]} 82. Rg2 {[%clk 0:04:10]} h5 {[%clk 0:14:08]}
83. Rxg3+ {[%clk 0:04:02]} Kh6 {[%clk 0:14:16]} 84. Rg6+ {[%clk 0:04:02]} Kh7
{[%clk 0:14:25]} 85. Rg2 {[%clk 0:04:04]} h4 {[%clk 0:14:33]} 86. Kg4
{[%clk 0:04:09]} Kg6 {[%clk 0:14:18]} 87. Kf4+ {[%clk 0:04:02]} Kh5
{[%clk 0:14:23]} 88. Rg5+ {[%clk 0:04:11]} Kh6 {[%clk 0:14:32]} 89. Rg2
{[%clk 0:03:41]} h3 {[%clk 0:14:32]} 90. Rf2 {[%clk 0:03:43]} Rg1
{[%clk 0:14:15]} 91. Rh2 {[%clk 0:03:42]} Rf1+ {[%clk 0:14:12]} 92. Kg3
{[%clk 0:03:48]} Kh5 {[%clk 0:13:56]} 93. Kxh3 {[%clk 0:03:55]} Ra1
{[%clk 0:13:42]} 94. Kg3+ {[%clk 0:04:00]} 1/2-1/2

[Event "MCRDMZ 2018"]
[Site "Varnsdorf"]
[Date "2018.06.17"]
[Round "4.10"]
[White "Stocek Martin (Polabiny A)"]
[Black "Hauser Matthias (Liberec)"]
[Result "1/2-1/2"]
[BlackElo "1474"]
[WhiteElo "1481"]
[LiveChessVersion "1.4.8"]

1. d4 {[%clk 0:25:18]} d5 {[%clk 0:25:19]} 2. c4 {[%clk 0:25:27]} c6
{[%clk 0:25:27]} 3. Nc3 {[%clk 0:25:36]} e5 {[%clk 0:25:35]} 4. dxe5
{[%clk 0:25:26]} d4 {[%clk 0:25:42]} 5. Ne4 {[%clk 0:24:56]} Qa5+
{[%clk 0:25:49]} 6. Bd2 {[%clk 0:24:35]} Qxe5 {[%clk 0:25:55]} 7. Ng3
{[%clk 0:24:31]} c5 {[%clk 0:26:04]} 8. Nf3 {[%clk 0:24:31]} Qc7 {[%clk 0:26:11]}
9. e3 {[%clk 0:24:14]} dxe3 {[%clk 0:24:30]} 10. Bxe3 {[%clk 0:24:18]} Be6
{[%clk 0:23:37]} 11. Bd3 {[%clk 0:24:23]} Bd6 {[%clk 0:23:39]} 12. O-O
{[%clk 0:24:24]} Nf6 {[%clk 0:23:35]} 13. b3 {[%clk 0:23:00]} Nc6
{[%clk 0:23:16]} 14. Ne4 {[%clk 0:21:43]} Nxe4 {[%clk 0:22:18]} 15. Bxe4
{[%clk 0:21:44]} Rd8 {[%clk 0:22:03]} 16. Qc2 {[%clk 0:21:48]} Ne5
{[%clk 0:20:37]} 17. h3 {[%clk 0:21:02]} Nxf3+ {[%clk 0:20:27]} 18. Bxf3
{[%clk 0:21:06]} O-O {[%clk 0:19:13]} 19. Rad1 {[%clk 0:20:35]} b6
{[%clk 0:18:47]} 20. Rd2 {[%clk 0:19:33]} Bh2+ {[%clk 0:18:19]} 21. Kh1
{[%clk 0:19:41]} Rxd2 {[%clk 0:18:27]} 22. Bxd2 {[%clk 0:19:49]} Be5
{[%clk 0:17:35]} 23. Bc3 {[%clk 0:17:54]} Bxc3 {[%clk 0:17:00]} 24. Qxc3
{[%clk 0:18:02]} Rd8 {[%clk 0:16:52]} 25. Re1 {[%clk 0:16:15]} h6
{[%clk 0:15:32]} 26. Qc2 {[%clk 0:15:52]} Qd6 {[%clk 0:15:01]} 27. Rd1
{[%clk 0:15:31]} Qc7 {[%clk 0:14:56]} 28. Rd3 {[%clk 0:15:10]} Rd6
{[%clk 0:13:16]} 29. Qd1 {[%clk 0:14:57]} Rxd3 {[%clk 0:12:44]} 30. Qxd3
{[%clk 0:15:05]} Qd7 {[%clk 0:12:43]} 31. Qxd7 {[%clk 0:14:20]} Bxd7
{[%clk 0:12:51]} 32. Kg1 {[%clk 0:14:30]} Bf5 {[%clk 0:12:57]} 33. Bd1
{[%clk 0:14:34]} Bb1 {[%clk 0:12:51]} 34. a3 {[%clk 0:14:43]} Kf8
{[%clk 0:12:55]} 35. Kf1 {[%clk 0:14:52]} Ke7 {[%clk 0:13:04]} 36. Ke2
{[%clk 0:15:01]} Be4 {[%clk 0:13:11]} 37. g3 {[%clk 0:15:07]} Bc6
{[%clk 0:13:14]} 38. Kd3 {[%clk 0:15:07]} Ke6 {[%clk 0:13:14]} 39. Bg4+
{[%clk 0:13:28]} Kf6 {[%clk 0:13:09]} 40. Ke3 {[%clk 0:12:44]} g5
{[%clk 0:12:16]} 41. Bc8 {[%clk 0:12:21]} Ke5 {[%clk 0:11:59]} 42. f4+
{[%clk 0:10:36]} gxf4+ {[%clk 0:11:43]} 43. gxf4+ {[%clk 0:10:44]} Kf6
{[%clk 0:11:50]} 44. Bf5 {[%clk 0:10:25]} 1/2-1/2

[Event "MCRDMZ 2018"]
[Site "Varnsdorf"]
[Date "2018.06.17"]
[Round "4.11"]
[White "Pustka Adam (Liberec)"]
[Black "Trasakova Adela (Polabiny A)"]
[Result "0-1"]
[BlackElo "1611"]
[WhiteElo "1307"]
[LiveChessVersion "1.4.8"]

1. e4 {[%clk 0:25:18]} c6 {[%clk 0:25:18]} 2. d4 {[%clk 0:25:25]} d5
{[%clk 0:25:26]} 3. exd5 {[%clk 0:25:30]} cxd5 {[%clk 0:25:34]} 4. c4
{[%clk 0:25:34]} Nf6 {[%clk 0:25:33]} 5. Nc3 {[%clk 0:25:40]} Nc6
{[%clk 0:25:37]} 6. Nf3 {[%clk 0:25:41]} Bg4 {[%clk 0:25:34]} 7. Bf4
{[%clk 0:25:30]} e6 {[%clk 0:23:30]} 8. a3 {[%clk 0:25:34]} Bxf3 {[%clk 0:22:38]}
9. Qxf3 {[%clk 0:25:10]} dxc4 {[%clk 0:22:02]} 10. Bxc4 {[%clk 0:24:21]} Bd6
{[%clk 0:21:04]} 11. Rd1 {[%clk 0:23:09]} Bxf4 {[%clk 0:19:00]} 12. Qxf4
{[%clk 0:23:10]} Ne7 {[%clk 0:18:55]} 13. O-O {[%clk 0:22:44]} O-O
{[%clk 0:18:38]} 14. h3 {[%clk 0:22:29]} Ned5 {[%clk 0:18:22]} 15. Nxd5
{[%clk 0:22:13]} Nxd5 {[%clk 0:18:28]} 16. Bxd5 {[%clk 0:21:59]} Qxd5
{[%clk 0:18:36]} 17. Qe5 {[%clk 0:21:47]} Rfd8 {[%clk 0:18:41]} 18. Qxd5
{[%clk 0:21:26]} Rxd5 {[%clk 0:18:49]} 19. Rfe1 {[%clk 0:21:23]} Rad8
{[%clk 0:18:58]} 20. Re4 {[%clk 0:21:19]} e5 {[%clk 0:18:44]} 21. Kf1
{[%clk 0:20:51]} exd4 {[%clk 0:18:08]} 22. Ke2 {[%clk 0:20:48]} Kf8
{[%clk 0:18:08]} 23. Kf3 {[%clk 0:19:57]} f6 {[%clk 0:17:33]} 24. Re2
{[%clk 0:19:56]} Kf7 {[%clk 0:17:23]} 25. Red2 {[%clk 0:19:51]} Ke6
{[%clk 0:17:10]} 26. Ke4 {[%clk 0:19:42]} Re5+ {[%clk 0:17:12]} 27. Kf3
{[%clk 0:19:35]} Rf5+ {[%clk 0:16:47]} 28. Ke2 {[%clk 0:19:30]} Rfd5
{[%clk 0:16:42]} 29. g4 {[%clk 0:19:27]} f5 {[%clk 0:16:14]} 30. f4
{[%clk 0:19:18]} h6 {[%clk 0:15:26]} 31. Kf3 {[%clk 0:18:59]} Kf6
{[%clk 0:14:55]} 32. b4 {[%clk 0:18:45]} R8d6 {[%clk 0:13:57]} 33. Kf2
{[%clk 0:18:21]} g5 {[%clk 0:13:45]} 34. fxg5+ {[%clk 0:18:04]} hxg5
{[%clk 0:13:24]} 35. Kf3 {[%clk 0:18:02]} fxg4+ {[%clk 0:13:16]} 36. hxg4
{[%clk 0:18:02]} Ke6 {[%clk 0:12:03]} 37. Rd3 {[%clk 0:18:04]} Rd7
{[%clk 0:11:17]} 38. a4 {[%clk 0:16:50]} Rf7+ {[%clk 0:11:14]} 39. Kg3
{[%clk 0:16:39]} Rf4 {[%clk 0:11:11]} 40. b5 {[%clk 0:15:35]} b6 {[%clk 0:10:47]}
41. R1d2 {[%clk 0:15:25]} Ke5 {[%clk 0:10:44]} 42. Rf3 {[%clk 0:14:50]} Re4
{[%clk 0:06:19]} 43. Rf5+ {[%clk 0:13:52]} Ke6 {[%clk 0:06:16]} 44. Kf3
{[%clk 0:13:19]} Rxf5+ {[%clk 0:04:35]} 45. Kxe4 {[%clk 0:12:07]} Rf4+
{[%clk 0:04:40]} 46. Kd3 {[%clk 0:12:12]} Rxg4 {[%clk 0:04:37]} 47. Kc4
{[%clk 0:12:17]} Ke5 {[%clk 0:04:02]} 48. Re2+ {[%clk 0:12:16]} Re4
{[%clk 0:04:06]} 49. Rg2 {[%clk 0:11:52]} g4 {[%clk 0:04:07]} 50. Kd3
{[%clk 0:11:58]} Re3+ {[%clk 0:04:13]} 51. Kd2 {[%clk 0:11:59]} Kf4
{[%clk 0:04:20]} 52. Rf2+ {[%clk 0:11:52]} Rf3 {[%clk 0:04:28]} 53. Rg2
{[%clk 0:11:18]} g3 {[%clk 0:04:35]} 54. Ke2 {[%clk 0:11:21]} d3+
{[%clk 0:04:33]} 55. Ke1 {[%clk 0:11:24]} Re3+ {[%clk 0:04:30]} 56. Kd2
{[%clk 0:11:09]} Rf3 {[%clk 0:03:37]} 57. Ke1 {[%clk 0:10:57]} Ke3
{[%clk 0:03:41]} 58. a5 {[%clk 0:10:18]} Kd4 {[%clk 0:02:26]} 59. axb6
{[%clk 0:09:58]} axb6 {[%clk 0:02:31]} 60. Rb2 {[%clk 0:09:31]} Rf2
{[%clk 0:02:16]} 61. Rxf2 {[%clk 0:09:25]} gxf2+ {[%clk 0:02:24]} 62. Kxf2
{[%clk 0:09:27]} Kc3 {[%clk 0:02:30]} 63. Ke3 {[%clk 0:09:36]} d2
{[%clk 0:02:37]} 64. Ke4 {[%clk 0:09:44]} d1=Q {[%clk 0:02:37]} 65. Ke3
{[%clk 0:09:50]} Qe1+ {[%clk 0:02:45]} 66. Kf3 {[%clk 0:09:56]} Kd4
{[%clk 0:02:53]} 67. Kg2 {[%clk 0:09:56]} Ke4 {[%clk 0:02:57]} 68. Kh3
{[%clk 0:09:53]} Qg1 {[%clk 0:03:03]} 69. Kh4 {[%clk 0:10:01]} Kf4
{[%clk 0:03:09]} 0-1

[Event "MCRDMZ 2018"]
[Site "Varnsdorf"]
[Date "2018.06.17"]
[Round "4.12"]
[White "Stary Vojtech (Polabiny A)"]
[Black "Gavrunova Marie (Liberec)"]
[Result "1-0"]
[BlackElo "1000"]
[WhiteElo "1290"]
[LiveChessVersion "1.4.8"]

1. e4 {[%clk 0:25:18]} e5 {[%clk 0:25:18]} 2. Nf3 {[%clk 0:25:27]} Nc6
{[%clk 0:25:26]} 3. Bc4 {[%clk 0:25:34]} Nf6 {[%clk 0:25:29]} 4. Ng5
{[%clk 0:25:42]} Bb4 {[%clk 0:24:53]} 5. Nxf7 {[%clk 0:25:28]} Qe7
{[%clk 0:24:51]} 6. Nxh8 {[%clk 0:25:33]} Qf8 {[%clk 0:24:52]} 7. Nf7
{[%clk 0:25:34]} Na5 {[%clk 0:24:34]} 8. c3 {[%clk 0:24:58]} Be7 {[%clk 0:24:23]}
9. Nxe5 {[%clk 0:24:38]} Bd6 {[%clk 0:24:12]} 10. Bb3 {[%clk 0:22:00]} Bxe5
{[%clk 0:24:15]} 11. d4 {[%clk 0:22:06]} Bd6 {[%clk 0:24:11]} 12. e5
{[%clk 0:22:14]} Ne4 {[%clk 0:24:02]} 13. f3 {[%clk 0:21:47]} Ng5
{[%clk 0:22:48]} 14. Bxg5 {[%clk 0:21:51]} b6 {[%clk 0:22:06]} 15. exd6
{[%clk 0:21:50]} cxd6 {[%clk 0:22:12]} 16. Qe2+ {[%clk 0:21:51]} Qe7
{[%clk 0:20:46]} 17. Qxe7# 1-0

[Event "MCRDMZ 2018"]
[Site "Varnsdorf"]
[Date "2018.06.17"]
[Round "4.13"]
[White "Bjolek Jan (BSS F-M C)"]
[Black "Hak David (VSTE CB)"]
[Result "0-1"]
[BlackElo "2127"]
[WhiteElo "1588"]
[LiveChessVersion "1.4.8"]

1. d4 {[%clk 0:25:19]} Nf6 {[%clk 0:25:18]} 2. Bf4 {[%clk 0:25:28]} d6
{[%clk 0:24:51]} 3. Nc3 {[%clk 0:25:15]} d5 {[%clk 0:23:33]} 4. e3
{[%clk 0:25:06]} e6 {[%clk 0:23:18]} 5. Bd3 {[%clk 0:24:59]} Bd6 {[%clk 0:22:48]}
6. Bxd6 {[%clk 0:24:13]} Qxd6 {[%clk 0:22:52]} 7. Nb5 {[%clk 0:24:03]} Qe7
{[%clk 0:22:42]} 8. Nf3 {[%clk 0:22:48]} a6 {[%clk 0:21:34]} 9. Nc3
{[%clk 0:22:21]} O-O {[%clk 0:20:15]} 10. O-O {[%clk 0:22:04]} Nbd7
{[%clk 0:19:17]} 11. e4 {[%clk 0:20:50]} dxe4 {[%clk 0:17:46]} 12. Nxe4
{[%clk 0:20:56]} Nxe4 {[%clk 0:15:45]} 13. Bxe4 {[%clk 0:21:05]} c5
{[%clk 0:14:59]} 14. c3 {[%clk 0:18:46]} Nf6 {[%clk 0:13:55]} 15. Bc2
{[%clk 0:18:33]} Rd8 {[%clk 0:13:03]} 16. Qe2 {[%clk 0:18:03]} b5
{[%clk 0:12:27]} 17. Qe5 {[%clk 0:16:05]} cxd4 {[%clk 0:08:01]} 18. Nxd4
{[%clk 0:15:58]} Bb7 {[%clk 0:07:45]} 19. Nf5 {[%clk 0:15:12]} Qf8
{[%clk 0:05:24]} 20. Ng3 {[%clk 0:12:48]} Rd5 {[%clk 0:03:21]} 21. Qe2
{[%clk 0:12:19]} Rad8 {[%clk 0:02:51]} 22. Rad1 {[%clk 0:12:25]} Qc5
{[%clk 0:02:25]} 23. Bb3 {[%clk 0:11:13]} Rxd1 {[%clk 0:01:32]} 24. Rxd1
{[%clk 0:11:21]} Rc8 {[%clk 0:00:59]} 25. Bc2 {[%clk 0:10:29]} h6
{[%clk 0:00:36]} 26. Qd3 {[%clk 0:10:23]} Qc6 {[%clk 0:00:16]} 27. f3
{[%clk 0:10:24]} b4 {[%clk 0:00:25]} 28. Rc1 {[%clk 0:07:26]} bxc3
{[%clk 0:00:29]} 29. Qxc3 {[%clk 0:07:34]} Qb6+ {[%clk 0:00:29]} 30. Kh1
{[%clk 0:06:32]} Rxc3 {[%clk 0:00:37]} 31. bxc3 {[%clk 0:06:40]} Qb2
{[%clk 0:00:44]} 32. Ne2 {[%clk 0:06:28]} Bc6 {[%clk 0:00:36]} 33. Bd3
{[%clk 0:06:10]} Bb5 {[%clk 0:00:27]} 34. Rc2 {[%clk 0:05:38]} Qb1+
{[%clk 0:00:24]} 35. Rc1 {[%clk 0:04:58]} Qxd3 {[%clk 0:00:31]} 36. Nf4
{[%clk 0:04:55]} Qe3 {[%clk 0:00:39]} 0-1

[Event "MCRDMZ 2018"]
[Site "Varnsdorf"]
[Date "2018.06.17"]
[Round "4.14"]
[White "Simunek Jakub Simon (VSTE CB)"]
[Black "Trojan Matyas (BSS F-M C)"]
[Result "1/2-1/2"]
[BlackElo "1197"]
[WhiteElo "1415"]
[LiveChessVersion "1.4.8"]

1. d4 {[%clk 0:25:17]} d5 {[%clk 0:25:18]} 2. c4 {[%clk 0:25:22]} c6
{[%clk 0:25:24]} 3. Nc3 {[%clk 0:25:25]} e6 {[%clk 0:25:30]} 4. cxd5
{[%clk 0:25:29]} exd5 {[%clk 0:25:35]} 5. Nf3 {[%clk 0:25:31]} Nf6
{[%clk 0:25:40]} 6. Bg5 {[%clk 0:25:31]} Nbd7 {[%clk 0:25:46]} 7. e3
{[%clk 0:25:26]} Be7 {[%clk 0:25:47]} 8. Bd3 {[%clk 0:25:22]} O-O
{[%clk 0:25:51]} 9. Qc2 {[%clk 0:25:25]} h6 {[%clk 0:25:58]} 10. Bh4
{[%clk 0:25:32]} Re8 {[%clk 0:25:11]} 11. O-O {[%clk 0:25:33]} b6
{[%clk 0:23:06]} 12. Bg3 {[%clk 0:24:18]} Bb7 {[%clk 0:22:49]} 13. Rab1
{[%clk 0:23:23]} c5 {[%clk 0:22:28]} 14. Nb5 {[%clk 0:23:15]} Rc8
{[%clk 0:18:43]} 15. Nxa7 {[%clk 0:22:43]} Ra8 {[%clk 0:18:30]} 16. Nb5
{[%clk 0:22:44]} Rc8 {[%clk 0:18:33]} 17. Qd2 {[%clk 0:21:29]} Ba6
{[%clk 0:15:37]} 18. Nc3 {[%clk 0:20:55]} c4 {[%clk 0:15:06]} 19. Be2
{[%clk 0:20:26]} Bb4 {[%clk 0:14:18]} 20. Bh4 {[%clk 0:17:54]} Qc7
{[%clk 0:11:19]} 21. Qc2 {[%clk 0:16:11]} Ra8 {[%clk 0:08:39]} 22. a3
{[%clk 0:15:32]} Ba5 {[%clk 0:08:04]} 23. Rfc1 {[%clk 0:11:20]} Rec8
{[%clk 0:07:31]} 24. Bg3 {[%clk 0:10:36]} Qc6 {[%clk 0:07:05]} 25. Ne5
{[%clk 0:09:52]} Nxe5 {[%clk 0:06:43]} 26. Bxe5 {[%clk 0:09:54]} Rd8
{[%clk 0:05:13]} 27. Bf3 {[%clk 0:09:33]} Bb7 {[%clk 0:04:57]} 28. Ne2
{[%clk 0:07:33]} b5 {[%clk 0:04:30]} 29. Nf4 {[%clk 0:06:35]} Bc7
{[%clk 0:04:10]} 30. Bxc7 {[%clk 0:05:26]} Qxc7 {[%clk 0:04:16]} 31. Qf5
{[%clk 0:04:29]} Qe7 {[%clk 0:03:26]} 32. Rc3 {[%clk 0:02:41]} Ne4
{[%clk 0:02:12]} 33. Bxe4 {[%clk 0:02:26]} Qxe4 {[%clk 0:02:20]} 34. Qxe4
{[%clk 0:02:31]} dxe4 {[%clk 0:02:29]} 35. Rbc1 {[%clk 0:02:25]} Rd7
{[%clk 0:01:59]} 36. Kf1 {[%clk 0:02:12]} Kf8 {[%clk 0:01:58]} 37. Ke1
{[%clk 0:01:59]} Ke7 {[%clk 0:01:56]} 38. b3 {[%clk 0:01:55]} Rxa3
{[%clk 0:01:32]} 39. bxc4 {[%clk 0:02:00]} Rxc3 {[%clk 0:01:38]} 40. Rxc3 Rc7
{[%clk 0:01:41]} 41. c5 {[%clk 0:01:41]} g5 {[%clk 0:01:30]} 42. Ne2
{[%clk 0:01:48]} Ke6 {[%clk 0:01:37]} 43. Rb3 {[%clk 0:01:44]} Ba6
{[%clk 0:01:32]} 44. Nc3 {[%clk 0:01:28]} Rb7 {[%clk 0:01:28]} 45. Nxe4
{[%clk 0:01:32]} Kd5 {[%clk 0:01:27]} 46. Nd6 {[%clk 0:01:36]} Rd7
{[%clk 0:01:02]} 47. Nxb5 {[%clk 0:01:22]} Kc4 {[%clk 0:00:43]} 48. Rb1
{[%clk 0:01:03]} Bxb5 {[%clk 0:00:51]} 49. Rc1+ {[%clk 0:01:11]} Kd5
{[%clk 0:00:59]} 50. Kd2 {[%clk 0:01:08]} f5 {[%clk 0:00:59]} 51. Ra1
{[%clk 0:01:07]} Rc7 {[%clk 0:01:00]} 52. Ra8 {[%clk 0:01:08]} Ke6
{[%clk 0:00:41]} 53. Rh8 {[%clk 0:01:00]} Bc6 {[%clk 0:00:36]} 54. Rxh6+
{[%clk 0:01:06]} Kd5 {[%clk 0:00:45]} 55. Rh5 {[%clk 0:00:44]} Rg7
{[%clk 0:00:41]} 56. g3 {[%clk 0:00:52]} Ke4 {[%clk 0:00:44]} 57. Rh8
{[%clk 0:00:57]} Kf3 {[%clk 0:00:48]} 58. Rf8 {[%clk 0:00:56]} Bd7
{[%clk 0:00:44]} 59. c6 {[%clk 0:00:54]} Bxc6 {[%clk 0:00:45]} 60. Rxf5+
{[%clk 0:01:02]} Kg2 {[%clk 0:00:53]} 61. Rc5 {[%clk 0:01:04]} Be4
{[%clk 0:00:54]} 62. Ke1 {[%clk 0:01:04]} Kxh2 {[%clk 0:01:02]} 63. Rc1
{[%clk 0:01:07]} Kg2 {[%clk 0:01:07]} 64. Rd1 {[%clk 0:01:12]} Rf7
{[%clk 0:01:12]} 65. Rd2 {[%clk 0:01:16]} Ra7 {[%clk 0:01:07]} 66. Rd1
{[%clk 0:00:37]} Ra2 {[%clk 0:01:05]} 67. d5 {[%clk 0:00:33]} Rxf2
{[%clk 0:00:47]} 68. d6 {[%clk 0:00:26]} Rf1+ {[%clk 0:00:56]} 69. Kd2
{[%clk 0:00:35]} Rxd1+ {[%clk 0:01:05]} 70. Kxd1 {[%clk 0:00:45]} Bc6
{[%clk 0:01:11]} 71. e4 {[%clk 0:00:50]} Kxg3 {[%clk 0:01:18]} 72. e5
{[%clk 0:00:58]} Bd7 {[%clk 0:01:23]} 73. Kd2 {[%clk 0:01:04]} Kf2
{[%clk 0:01:32]} 74. Kd3 {[%clk 0:01:10]} g4 {[%clk 0:01:41]} 75. Kd4
{[%clk 0:01:19]} g3 {[%clk 0:01:50]} 76. Kd5 {[%clk 0:01:28]} g2 {[%clk 0:02:00]}
77. e6 {[%clk 0:01:37]} Bxe6+ {[%clk 0:02:05]} 78. Kxe6 {[%clk 0:01:44]} g1=Q
{[%clk 0:02:13]} 79. d7 {[%clk 0:01:50]} Qe1+ {[%clk 0:02:19]} 80. Kd6
{[%clk 0:01:59]} Qd2+ {[%clk 0:02:27]} 81. Kc7 {[%clk 0:02:08]} Qc3+
{[%clk 0:02:36]} 82. Kd6 {[%clk 0:02:16]} Qd4+ {[%clk 0:02:45]} 83. Kc7
{[%clk 0:02:25]} Qc5+ {[%clk 0:02:54]} 84. Kd8 {[%clk 0:02:30]} Ke3
{[%clk 0:03:01]} 85. Ke8 {[%clk 0:02:39]} Qe5+ {[%clk 0:03:08]} 86. Kd8
{[%clk 0:02:43]} Kd4 {[%clk 0:03:16]} 87. Kc8 {[%clk 0:02:51]} Qc5+
{[%clk 0:03:24]} 88. Kd8 {[%clk 0:02:59]} Kd5 {[%clk 0:03:30]} 89. Ke8
{[%clk 0:03:06]} Qe3+ {[%clk 0:03:39]} 90. Kf7 {[%clk 0:02:57]} Qf4+
{[%clk 0:03:46]} 91. Ke8 {[%clk 0:03:06]} Qe5+ {[%clk 0:03:55]} 92. Kd8
{[%clk 0:03:10]} Kd6 {[%clk 0:03:58]} 93. Kc8 {[%clk 0:03:16]} Qe7
{[%clk 0:04:07]} 94. d8=Q+ {[%clk 0:03:21]} 1/2-1/2